| 000 | 00565nam a2200193Ia 4500 | ||
|---|---|---|---|
| 005 | 20250326143542.0 | ||
| 008 | 250326s9999 xx 000 0 und d | ||
| 020 | _a1-57851-875-X | ||
| 037 | _aTextbook | ||
| 040 |
_aFMSL _beng _cFMSL |
||
| 041 |
_aeng _2eng |
||
| 084 |
_aX:74 P2 _qFMSL |
||
| 100 | _aHarvard Business Essentials | ||
| 245 | 0 |
_aHiring and keeping the best people _cHarvard Business Essentials |
|
| 260 |
_aBoston _bBoston, Harvard Business School _c2002 |
||
| 300 | _axiv,170 | ||
| 942 |
_cTB _hX:74 P2 |
||
| 999 |
_c1300063 _d1300063 |
||